| 000 | 01122nam a2200313 a 4500 | ||
|---|---|---|---|
| 001 | 000015452 | ||
| 003 | DO-SdBNP | ||
| 005 | 20250409152237.0 | ||
| 007 | ta | ||
| 008 | 100209s2004 dr r 000 0 spa d | ||
| 020 | _a9993473286 | ||
| 040 |
_aDO-SdBNP _bspa _cBNPHU |
||
| 082 | 4 |
_aRD861.5 _bD294p, 2003 _222 |
|
| 100 | 1 |
_aPayano, Héctor Santos, _d1941- _934906 |
|
| 245 | 1 | 3 |
_aLa décima popular dominicana : _brecopilación, clasificación y análisis de sus recursos más sobresalientes / |
| 250 | _a2a. ed. | ||
| 260 |
_aSanto Domingo : _bColores, _c2004. |
||
| 300 |
_a405 p. ; _c23 cm. |
||
| 500 | _aIncluye datos biográficos del autor en las solapas. | ||
| 500 | _aIncluye referencias bibliográficas y notas al pie de las páginas. | ||
| 590 | _aInventariado, 2023/MFF | ||
| 650 | 4 |
_aDécimas dominicanas _xHistoria y crítica _983193 |
|
| 650 | 4 |
_aLiteratura dominicana _xHistoria y crítica _9159 |
|
| 650 | 4 |
_aPoesía dominicana _924618 |
|
| 650 | 0 |
_aFolclore _zRepública Dominicana _933448 |
|
| 650 | 4 | _aLiteratura dominicana | |
| 910 | _aValidado. Control de calidad MFF | ||
| 942 |
_2ddc _cLBS1 |
||
| 999 |
_c15009 _d15009 |
||